<?xml version="1.0" encoding="UTF-8"?>
<record
    xmlns:xsi="http://www.w3.org/2001/XMLSchema-instance"
    xsi:schemaLocation="http://www.loc.gov/MARC21/slim http://www.loc.gov/standards/marcxml/schema/MARC21slim.xsd"
    xmlns="http://www.loc.gov/MARC21/slim">

  <leader>00652nam a2200181Ia 4500</leader>
  <controlfield tag="008">090630s9999    xx            000 0 und d</controlfield>
  <datafield tag="082" ind1=" " ind2=" ">
    <subfield code="b">28604</subfield>
  </datafield>
  <datafield tag="100" ind1=" " ind2=" ">
    <subfield code="a">&#x930;&#x93E;&#x935;&#x91C;&#x940; &#x906;&#x936;&#x941; - &#x915;&#x93E;&#x928;&#x921;&#x947; &#x926;&#x93F;&#x928;&#x942;.</subfield>
  </datafield>
  <datafield tag="245" ind1=" " ind2=" ">
    <subfield code="a">&#x91D;&#x941;&#x92E;&#x930;&#x940;.</subfield>
    <subfield code="c">&#x930;&#x93E;&#x935;&#x91C;&#x940; &#x906;&#x936;&#x941; - &#x915;&#x93E;&#x928;&#x921;&#x947; &#x926;&#x93F;&#x928;&#x942;.</subfield>
  </datafield>
  <datafield tag="260" ind1=" " ind2=" ">
    <subfield code="b">&#x921;&#x949;&#x932;&#x94D;&#x92B;&#x940;&#x928; - &#x917;&#x94B;&#x935;&#x93E;.</subfield>
    <subfield code="c">2007</subfield>
  </datafield>
  <datafield tag="300" ind1=" " ind2=" ">
    <subfield code="a">191</subfield>
  </datafield>
  <datafield tag="600" ind1=" " ind2=" ">
    <subfield code="a">&#x930;&#x93E;&#x935;&#x91C;&#x940; &#x906;&#x936;&#x941; - &#x915;&#x93E;&#x928;&#x921;&#x947; &#x926;&#x93F;&#x928;&#x942;.</subfield>
  </datafield>
  <datafield tag="630" ind1=" " ind2=" ">
    <subfield code="a">&#x91D;&#x941;&#x92E;&#x930;&#x940;.</subfield>
  </datafield>
  <datafield tag="655" ind1=" " ind2=" ">
    <subfield code="a">&#x915;&#x93E;&#x926;&#x902;&#x92C;&#x930;&#x940;.</subfield>
  </datafield>
  <datafield tag="700" ind1=" " ind2=" ">
    <subfield code="a">&#x930;&#x93E;&#x935;&#x91C;&#x940; &#x906;&#x936;&#x941; - &#x915;&#x93E;&#x928;&#x921;&#x947; &#x926;&#x93F;&#x928;&#x942;.</subfield>
  </datafield>
  <datafield tag="730" ind1=" " ind2=" ">
    <subfield code="a">&#x91D;&#x941;&#x92E;&#x930;&#x940;.</subfield>
  </datafield>
  <datafield tag="942" ind1=" " ind2=" ">
    <subfield code="c">BOOK</subfield>
  </datafield>
  <datafield tag="999" ind1=" " ind2=" ">
    <subfield code="c">280460</subfield>
    <subfield code="d">280460</subfield>
  </datafield>
  <datafield tag="952" ind1=" " ind2=" ">
    <subfield code="0">0</subfield>
    <subfield code="1">0</subfield>
    <subfield code="4">0</subfield>
    <subfield code="7">0</subfield>
    <subfield code="a">SAWASHRI</subfield>
    <subfield code="b">SAWASHRI</subfield>
    <subfield code="d">2008-09-01</subfield>
    <subfield code="g">250.00</subfield>
    <subfield code="l">0</subfield>
    <subfield code="o">28604</subfield>
    <subfield code="p">SAWASHRI-28604</subfield>
    <subfield code="r">2009-06-30 00:00:00</subfield>
    <subfield code="v">250.00</subfield>
    <subfield code="w">2009-06-30</subfield>
    <subfield code="y">BOOK</subfield>
  </datafield>
</record>
